00631nam a2200193Ia 4500003000900000008004100009020001800050040001600068080001900084245012000103260003600223300001400259650004100273650002600314650002900340700002800369700002100397700001900418IN-BaIIA211028s9999 xx 000 0 eng d a0-8243-0940-5 cIIA Library a(05)52bANN-40 0aAnnual review of astronomy and astrophysicsbvol. 40cedited by Geoffrey Burbidge, Allan Sandage and Frank H. Shu  aPalo AltobAnnual Reviewsc2002 aix, 721p. aAstronomy and astrophysics thesaurus aAstronomy-Periodicals aAstrophysics-Periodicals aBurbidge, Geoffrey, ed. aSandage, A., ed. aShu, F.H., ed.